Access to Information in Times of Crisis
Skúmanie stavu slobody prejavu prostredníctvom prístupu k informáciám v oblasti verejného zdravia. V čase pandémie ľudia potrebujú včasné, presné a komplexné informovanie o chorobe a stave systému zdravotnej starostlivosti a preto je dôležité, aby vládne organy prijali a podporovali rozhodujúcu úloh...
Na minha lista:
| Autor principal: | |
|---|---|
| Formato: | Capítulo de Livro |
| Idioma: | inglês |
| Assuntos: | |
| Tags: |
Sem tags, seja o primeiro a adicionar uma tag!
|
MARC
| LEADER | 00000naa a2200000 4500 | ||
|---|---|---|---|
| 001 | 0269276 | ||
| 005 | 20201019100222.1 | ||
| 041 | 0 | |a eng | |
| 044 | |a PL | ||
| 245 | 1 | 0 | |a Access to Information in Times of Crisis |c Tanja Porčnik |
| 520 | |a Skúmanie stavu slobody prejavu prostredníctvom prístupu k informáciám v oblasti verejného zdravia. V čase pandémie ľudia potrebujú včasné, presné a komplexné informovanie o chorobe a stave systému zdravotnej starostlivosti a preto je dôležité, aby vládne organy prijali a podporovali rozhodujúcu úlohu nezávislých médií, ktoré majú prístup k informáciám z prvej ruky. | ||
| 610 | 2 | 0 | |a informácie |
| 610 | 2 | 0 | |a kríza |
| 610 | 2 | 0 | |a ochrana zdravia |
| 610 | 2 | 0 | |a starostlivosť o zdravie |
| 610 | 2 | 0 | |a vláda |
| 100 | 1 | |a Porčnik, Tanja | |